| 000 | 00745nam a2200241Ia 4500 | ||
|---|---|---|---|
| 008 | 180628s9999 xx 000 0 und d | ||
| 020 | _a978-971-23-6725-0 | ||
| 050 | _aFIL KPM 1030.3 | ||
| 050 | _b.T68C33 2014 | ||
| 100 | _aCabulay, Danny Araneta. | ||
| 245 | 0 | _aPhilippine tourism laws : | |
| 245 | 2 | _ba comprehensive guide to studying laws relevant to the Philippine tourism industry / | |
| 245 | 0 | _cDanny Araneta Cabulay, Christine Palafox Carpio-Aldeguer. | |
| 250 | _a2nd Edition. | ||
| 260 | _aManila : | ||
| 260 | _bRex Bookstore, | ||
| 260 | _c2014 | ||
| 300 | _a397 pages : | ||
| 300 | _billustrations ; | ||
| 300 | _c25 cm. | ||
| 500 | _aIncludes index. | ||
| 650 | _aTourism -- Law and legislation -- Philippines. | ||
| 999 |
_c358123 _d358123 |
||